Sports Quiz

Random Sports Quiz

DT's taken in 1st round in the 90's Quiz Stats

 Plays Quiz not verified by Sporcle

Challenge
Share
Tweet
Embed
Score 0/27 Timer 10:00
0 Plays Today
Year/Pick Player % Correct
1995 #12Warren Sapp
70.4%
1994 #1Dan Wilkinson
59.3%
1992 #1Steve Emtman
55.6%
1991 #1Russell Maryland
48.1%
1993 #26Dana Stubblefield
40.7%
1994 #7Bryant Young
40.7%
1990 #3Cortez Kennedy
37%
1995 #15Ellis Johnson
33.3%
1994 #8Sam Adams
25.9%
1991 #25Ted Washington
22.2%
1994 #20Tim Bowens
14.8%
1999 #15Anthony McFarland
14.8%
1992 #16Chester McGlockton
11.1%
1996 #20Daryl Gardener
11.1%
Year/Pick Player % Correct
1997 #2Darrell Russell
11.1%
1997 #28Trevor Pryce
7.4%
1999 #29Dimitrius Underwood
7.4%
1991 #6Eric Swann
3.7%
1993 #24Leonard Renfro
3.7%
1994 #26Henry Ford
3.7%
1995 #20Luther Elliss
3.7%
1999 #24Reggie McGrew
3.7%
1990 #10Ray Agnew
0%
1991 #17Bobby Wilson
0%
1991 #20Kelvin Pritchett
0%
1992 #3Sean Gilbert
0%
1997 #21Renaldo Wynn
0%

You're not logged in!

Compare scores with friends on all Sporcle quizzes.
Join for Free
OR
Log In

You Might Also Like...

Show Comments

Extras

Created Jun 2, 2010ReportNominate
Tags:player, round, school, taken, team

Top Quizzes Today


Score Distribution

Your Account Isn't Verified!

In order to create a playlist on Sporcle, you need to verify the email address you used during registration. Go to your Sporcle Settings to finish the process.

Report this User

Report this user for behavior that violates our Community Guidelines.

Details: